| 000 -LEADER |
| fixed length control field |
00371cam a22001337a 4500 |
| 008 - FIXED-LENGTH DATA ELEMENTS--GENERAL INFORMATION |
| fixed length control field |
180718b1902 xxu||||| |||| 00| 0 eng d |
| 082 ## - DEWEY DECIMAL CLASSIFICATION NUMBER |
| Classification number |
T39x54 T669 |
| 100 ## - MAIN ENTRY--PERSONAL NAME |
| Personal name |
Tozer, H.J. |
| 245 ## - TITLE STATEMENT |
| Title |
British India: and its trade |
| Statement of responsibility, etc. |
by H.J. Tozer |
| 260 ## - PUBLICATION, DISTRIBUTION, ETC. |
| Place of publication, distribution, etc. |
London |
| Name of publisher, distributor, etc. |
Harper & Brothers |
| Date of publication, distribution, etc. |
1902 |
| 300 ## - PHYSICAL DESCRIPTION |
| Extent |
90p. |
| 440 ## - SERIES STATEMENT/ADDED ENTRY--TITLE |
| Title |
Barper's International Commerce Series |
| 650 ## - SUBJECT ADDED ENTRY--TOPICAL TERM |
| Topical term or geographic name entry element |
Trade |